• 首页
  • 本馆介绍
  • 公告通知
  • 最新文献
  • 馆藏检索
  • 电子资源
  • 读者导购
  • 参考咨询
  • 我的图书馆
  • 登录
  • 详细信息显示
  • 放入我的书架
  • 预约/预借图书
  • 作者相关作品
  • 分类相关作品
  • 丛书相关作品
  • 出版社相关作品

书目信息

  • 表格格式
  • 工作单格式
  • 卡片格式
题名:
制冷
    
 
作者: 张腾文 著
分册:  
出版信息: 北京   北京人民出版社  1976
页数: 79页
开本: 19cm
丛书名: 自然科学小丛书
单 册:
中图分类: TB6-49
科图分类:
主题词: 制冷工程--普及读物
电子资源:
ISBN:
000 00633nam2 2200253 45
001 0176000979
005 20060811150419.42
010    @dCNY0.22
092    @b102
100    @a19951011d1976 em y0chiy0121 ea
101 0  @achi
102    @aCN@b110000
105    @ay z 000yy
200 10 @a制冷@Azhi leng@f张腾文等著
210    @a北京@c北京人民出版社@d1976
215    @a79页@d19cm
225 2  @a自然科学小丛书
410  0 @120010@a自然科学小丛书
606    @a制冷工程@x普及读物
690    @aTB6-49@v3
701  0 @a张腾文@Azhang teng wen@4著
801  2 @aCN@bNLC@c20060811
801  0 @aCN@bTSSF
905    @a10447@dTB6-49@e102
    
    制冷/张腾文等著.-北京:北京人民出版社,1976
    79页;19cm.-(自然科学小丛书)
    
    
    ISBN :CNY0.22
    
●
相关链接 在E读中查询图书 在五车中查询图书 在当当中查询图书 在豆瓣中查询图书


正题名:制冷     索取号:TB6-49/102         预约/预借

序号 登录号 条形码 馆藏地/架位号 状态 备注
1 0438076   204380767   密集书库/ [索取号:TB6-49/102] 在馆    
2 0452236   204522365   密集书库/ [索取号:TB6-49/102] 在馆    
唐山师范学院图书馆 欢迎您!
大连网信软件有限公司© 版权所有